Tribunal constitucional y tribunales ordinarios: perspectivas del sistema de justicia constitucional en España / (Record no. 47763)

MARC details
000 -LEADER
fixed length control field 00629nam a22001697a 4500
008 - FIXED-LENGTH DATA ELEMENTS--GENERAL INFORMATION
fixed length control field 140121t mx||||| |||| 00| 0 spa d
020 ## - INTERNATIONAL STANDARD BOOK NUMBER
International Standard Book Number 9707124814
050 04 - LIBRARY OF CONGRESS CALL NUMBER
Classification number KKT2620.T9
Item number P47 2005
100 1# - MAIN ENTRY--PERSONAL NAME
Personal name Pérez Tremps, Pablo
245 10 - TITLE STATEMENT
Title Tribunal constitucional y tribunales ordinarios: perspectivas del sistema de justicia constitucional en España /
Statement of responsibility, etc Pablo Pérez Tremps.
250 ## - EDITION STATEMENT
Edition statement 1a ed.
260 ## - PUBLICATION, DISTRIBUTION, ETC. (IMPRINT)
Place of publication, distribution, etc México :
Name of publisher, distributor, etc Suprema Corte de Justicia de la Nación,
Date of publication, distribution, etc 2005
300 ## - PHYSICAL DESCRIPTION
Extent 42 p. ;
Dimensions 21 cm.
490 #0 - SERIES STATEMENT
Series statement 10 Años de la Novena Época. Discursos
650 #7 - SUBJECT ADDED ENTRY--TOPICAL TERM
Source of heading or term Lemb
Topical term or geographic name as entry element Tribunales constitucionales
Geographic subdivision España
942 ## - ADDED ENTRY ELEMENTS (KOHA)
Source of classification or shelving scheme Clasificación Decimal Dewey
Koha item type Libro
Holdings
Estado de pérdida Fuente de clasificación Estado del daño No para préstamo Ubicación permanente Ubicación actual Fecha de adquisición Fuente de adquisición Enumeración de Serie / Cronológica Clasificación Código de Barras Date last seen Número de copia Tipo de recurso Nota pública
  Biblioteca del Cogreso de los Estados Unidos     Biblioteca de la Facultad de Derecho y Ciencias Sociales "Felipe J. Tena" Biblioteca de la Facultad de Derecho y Ciencias Sociales "Felipe J. Tena" 21/01/2014   BFD000004342 KKT2620.T9 P47 2005 BFD000004342 21/01/2014 C:1 Libro General